00739 2200181 4500245005400000020002200054250001100076100002000087700002100107650002000128005001900148260002800167041001400195084001100209300002300220500030500243336000900548 aBoys Do Write Love LetterscKansa AirlanggahText a978-602-452-904-8 aCet. 1 aKansa Airlangga aTim Editor Fiksi aNovel Indonesia a20230929112816 aJakartabGrasindoc2018 aIndonesia a808.83 a251 hlm. :c19 cm. aShenya mulai percaya,bahwa bukan hanya anak perempuan yang suka menulis.Sebab gadis itu menemukan surat-surat tersebut di lokernya yang tak pernah dikucni.Ia pikir ,semuanya adalah surat salah kirim dari seseorang siswi,sampai akhirnya Shenya temukan kode jelas tentang siapa yang menuliskan semuanya atext